| 000 | 01606nam a22003255a 4500 | ||
|---|---|---|---|
| 999 |
_c27029 _d27001 |
||
| 003 | EG-ScBUE | ||
| 005 | 20190613134242.0 | ||
| 008 | 181205s2018 ua a frb 000 0 ara d | ||
| 017 | _a2018 / 19167 | ||
| 040 |
_aEG-ScBUE _bara _cEG-ScBUE _dEG-ScBUE |
||
| 043 | _af-ua--- | ||
| 082 | 0 | 4 |
_a323.60962 _bص د ي _222 |
| 100 | 1 |
_aصديق، رامي عطا، _d1977- |
|
| 245 | 1 | 0 |
_aمسلم ولا مسيحي ؟ / _cرامي عطا صديق. |
| 250 | _aط. 2، مزيدة ومنقحة. | ||
| 260 |
_a[د. م. : _bد. ن.]، _c2018 _e(القاهرة : _fمطبعة الدرة) |
||
| 300 |
_a168 ص. : _bإيض. ؛ _c22 سم. |
||
| 500 | _a"الكتاب الفائز بجائزة الدولة التشجيعية في سياسات مناهضة التمييز لعام 2017م من المجلس الأعلى للثقافة"-- صفحة العنوان. | ||
| 500 | _a"يصدر هذا الكتاب بالتعاون بين 'مبادرة إعلام المواطنة والحوار CDM' وبرنامج 'كايسييد KAICIID' للزمالة الدولية" | ||
| 504 | _aيشتمل على إرجاعات ببليوجرافية. | ||
| 541 |
_aأ. محمد فريد خميس ؛ _cإهداء ؛ |
||
| 650 | 7 |
_aالوحدة الوطنية _zمصر. _2BUEsh |
|
| 650 | 7 |
_aالصراع الطائفي _zمصر. _2BUEsh |
|
| 650 | 7 |
_aالمسلمون والمسيحيون _zمصر. _2BUEsh |
|
| 650 | 7 |
_aمصر _xأحوال اجتماعية. _2BUEsh _921062 |
|
| 650 | 7 |
_aمصر _xسياسة وحكومة. _2BUEsh |
|
| 651 | _2BUEsh | ||
| 653 |
_bBUSBOL _bGGEN _cDecember2018 _cJune2019 |
||
| 942 | _2ddc | ||